[Event "Bogota Verano op"]
[Site "Bogota"]
[Date "2013.08.18"]
[Round "5"]
[White "Ruiz, Alexander"]
[Black "Manrique Ochoa, Fernando"]
[Result "0-1"]
[WhiteElo "1820"]
[BlackElo "1965"]
[PlyCount "98"]
[EventDate "2013.08.16"]
[EventType "swiss"]
[EventRounds "7"]
[EventCountry "COL"]
[SourceTitle "CBM 156 Extra"]
[Source "ChessBase"]
[SourceDate "2013.10.22"]
[SourceVersion "1"]
[SourceVersionDate "2013.10.22"]
[SourceQuality "1"]

1. e4 e5 2. Nf3 Nc6 3. d4 exd4 4. Bc4 Nf6 5. e5 d5 6. Bb5 Ne4 7. Nxd4 Bc5 8. Be3 0-0 9. Nxc6 bxc6 10. Bxc5 Nxc5 11. Bxc6 Rb8 12. 0-0 Rxb2 13. Bxd5 Qe7 14. Re1 Bf5 15. Qd4 Rb6 16. c4 Rd8 17. Qe3 Nd3 18. Rd1 Qxe5 19. Qxe5 Nxe5 20. Nc3 Kf8 21. f4 Ng4 22. c5 Rb4 23. Bb3 Rxd1+ 24. Rxd1 Ne3 25. Re1 Nc2 26. Re5 Nd4 27. Nd5 Rb7 28. c6 Rb5 29. Nxc7 Rxe5 30. fxe5 Nxc6 31. e6 f6 32. Kf2 Ke7 33. Ke3 g5 34. h3 Nd8 35. g4 Bxe6 36. Nxe6 Nxe6 37. Bc4 Nf4 38. Bf1 h5 39. Ke4 h4 40. Kf5 Nd5 41. Kg6 Ne3 42. Bd3 Ke6 43. Kg7 Ke5 44. Kf7 a5 45. a4 Nd5 46. Bc4 Nc3 47. Bb3 Ne4 48. Ke7 Nf2 49. Kd7 Nxh3 0-1